Detalles MARC
| 000 -CABECERA |
| campo de control de longitud fija |
01130nam a2200217 a 4500 |
| 001 - NÚMERO DE CONTROL |
| campo de control |
000026448 |
| 005 - FECHA Y HORA DE LA ÚLTIMA TRANSACCIÓN |
| campo de control |
20200930030229.0 |
| 008 - DATOS DE LONGITUD FIJA--INFORMACIÓN GENERAL |
| campo de control de longitud fija |
110318s1968 ck a r 000 0 spa d |
| 040 ## - FUENTE DE LA CATALOGACIÓN |
| Centro catalogador/agencia de origen |
DO-SdBNP |
| Lengua de catalogación |
spa |
| Centro/agencia transcriptor |
BNPHU |
| 041 17 - CÓDIGO DE LENGUA |
| Código de lengua del texto/banda sonora o título independiente |
spa |
| Código de lengua original |
spa |
| Fuente del código |
Código de idioma MARC |
| 082 ## - NÚMERO DE LA CLASIFICACIÓN DECIMAL DEWEY |
| Número de clasificación |
xxx |
| Número de documento/Ítem |
H232n |
| 049 ## - FONDOS LOCALES (OCLC) |
| Fondos de biblioteca |
BNGR |
| 100 1# - ENTRADA PRINCIPAL--NOMBRE DE PERSONA |
| Nombre de persona |
Hamrin, Gerald W. |
| 9 (RLIN) |
53503 |
| 240 10 - TÍTULO UNIFORME |
| Título uniforme |
4 square planning for your career. |
| Lenguaje de la obra |
Español. |
| 245 10 - MENCIÓN DE TÍTULO |
| Título |
Nuevos mundos : |
| Resto del título |
nuevos rumbos / |
| Mención de responsabilidad, etc. |
Gerald W Hamrin ; traducción Gonzalo Arboleda Palacio. |
| 260 ## - PUBLICACIÓN, DISTRIBUCIÓN, ETC. |
| Lugar de publicación, distribución, etc. |
Cali, (Colombia) : |
| Nombre del editor, distribuidor, etc. |
Norma, |
| Fecha de publicación, distribución, etc. |
1968. |
| 300 ## - DESCRIPCIÓN FÍSICA |
| Extensión |
158 p. : |
| Otras características físicas |
il. ; |
| Dimensiones |
21 cm. |
| 505 0# - NOTA DE CONTENIDO CON FORMATO |
| Nota de contenido con formato |
Hacia madurez vocacional -- No crea en la magia -- Como planear su escogencia -- Necesidades humanas comunes -- Explorando su cultura -- Los intereses como indicadores -- Intereses reales e imaginarios -- La exploración de las habilidades -- El factor de la personalidad -- Un mundo de ocupaciones -- Nuevos mundos...Nuevos rumbos -- Pensándolo bien -- Una vida plena -- En marcha |
| 534 ## - NOTA SOBRE LA VERSIÓN ORIGINAL |
| Encabezamiento principal del original |
Título del original en inglés: |
| Mención de título del original |
4 square planning for your career, |
| 700 1# - PUNTO DE ACCESO ADICIONAL--NOMBRE DE PERSONA |
| Nombre de persona |
Arboleda Palacio, Gonzalo |
| Término indicativo de función/relación |
tr. |
| 9 (RLIN) |
53504 |